<?xml version="1.0" encoding="UTF-8"?>
<record
    xmlns:xsi="http://www.w3.org/2001/XMLSchema-instance"
    xsi:schemaLocation="http://www.loc.gov/MARC21/slim http://www.loc.gov/standards/marcxml/schema/MARC21slim.xsd"
    xmlns="http://www.loc.gov/MARC21/slim">

  <leader>01454nam a22002297a 4500</leader>
  <controlfield tag="008">170429s2007        enk||||| |||| 00| 0 eng d</controlfield>
  <datafield tag="020" ind1=" " ind2=" ">
    <subfield code="a">9781854377470</subfield>
  </datafield>
  <datafield tag="082" ind1="0" ind2="4">
    <subfield code="a">709.2</subfield>
    <subfield code="b">O396o</subfield>
  </datafield>
  <datafield tag="100" ind1="1" ind2=" ">
    <subfield code="a">Brett, Guy.</subfield>
    <subfield code="9">4313</subfield>
  </datafield>
  <datafield tag="245" ind1="1" ind2="0">
    <subfield code="a">Oiticica in London /</subfield>
    <subfield code="c">editado por Guy Brett y Luciano Figueiredo.</subfield>
  </datafield>
  <datafield tag="250" ind1=" " ind2=" ">
    <subfield code="a">1a ed.</subfield>
  </datafield>
  <datafield tag="260" ind1=" " ind2=" ">
    <subfield code="a">Londres :</subfield>
    <subfield code="b">Tate Publishing,</subfield>
    <subfield code="c">2007.</subfield>
  </datafield>
  <datafield tag="300" ind1=" " ind2=" ">
    <subfield code="a">96 p.</subfield>
    <subfield code="b">il. col.</subfield>
  </datafield>
  <datafield tag="505" ind1="0" ind2=" ">
    <subfield code="t">Foreword</subfield>
    <subfield code="r">Nicholas Serota.</subfield>
    <subfield code="t">Recollection</subfield>
    <subfield code="r">Guy Brett.</subfield>
    <subfield code="t">Londocument</subfield>
    <subfield code="r">H&#xE9;lio Oiticica.</subfield>
    <subfield code="t">Tropic&#xE1;lia: Recollection / Recollection / Tropic&#xE1;lia, its time and place</subfield>
    <subfield code="r">Luciano Figueiredo / Caetano Veloso / Paulo Venancio Filho.</subfield>
    <subfield code="t">The whitechapel experiment: This other Eden: H&#xE9;lio Oiticica and subterranean London / Recollection / Extracts of unpublished letters to friends and family in brazil, 1969 / Recollection / A preambulation around the Whitechapel experiment / Recollection / On the other bridge, looking down from Olympus / Prose Poems / Recollection</subfield>
    <subfield code="r">Michael Asbury / Mark Glazebrook / H&#xE9;lio Oiticica / Edward Pope / Paul Overy / Stephen Berg / H&#xE9;lio Oiticica / Jill Drower.</subfield>
    <subfield code="t">Signals London : Recollection / Signals Echoes Traces </subfield>
    <subfield code="r">David Medalla / Isobel Whitelegg.</subfield>
  </datafield>
  <datafield tag="600" ind1="0" ind2="4">
    <subfield code="a">Oiticica, H&#xE9;lio</subfield>
    <subfield code="d">1937 - 1980.</subfield>
    <subfield code="9">5635</subfield>
  </datafield>
  <datafield tag="653" ind1="1" ind2="3">
    <subfield code="a">Arte contempor&#xE1;neo </subfield>
  </datafield>
  <datafield tag="653" ind1="1" ind2="3">
    <subfield code="a">Instalaci&#xF3;n</subfield>
  </datafield>
  <datafield tag="653" ind1="1" ind2="3">
    <subfield code="a">Arte - Brasil</subfield>
  </datafield>
  <datafield tag="653" ind1="1" ind2="3">
    <subfield code="a">Artistas pl&#xE1;sticos</subfield>
  </datafield>
  <datafield tag="653" ind1="1" ind2="3">
    <subfield code="a">Arte Latinoamericano </subfield>
  </datafield>
  <datafield tag="700" ind1="1" ind2=" ">
    <subfield code="a">Figueiredo, Luciano.</subfield>
    <subfield code="e">editor.</subfield>
    <subfield code="9">5373</subfield>
  </datafield>
  <datafield tag="999" ind1=" " ind2=" ">
    <subfield code="c">1178</subfield>
    <subfield code="d">1178</subfield>
  </datafield>
  <datafield tag="952" ind1=" " ind2=" ">
    <subfield code="0">0</subfield>
    <subfield code="1">0</subfield>
    <subfield code="2">ddc</subfield>
    <subfield code="4">0</subfield>
    <subfield code="7">0</subfield>
    <subfield code="a">LV</subfield>
    <subfield code="b">LV</subfield>
    <subfield code="c">Monograf&#xED;as</subfield>
    <subfield code="d">2017-04-29</subfield>
    <subfield code="l">0</subfield>
    <subfield code="o">709.2 O396o</subfield>
    <subfield code="p">000914</subfield>
    <subfield code="r">2017-04-29 00:00:00</subfield>
    <subfield code="w">2017-04-29</subfield>
    <subfield code="y">01</subfield>
  </datafield>
</record>
